| 000 -LEADER |
| fixed length control field |
00704nam a2200205Ia 4500 |
| 008 - FIXED-LENGTH DATA ELEMENTS--GENERAL INFORMATION |
| fixed length control field |
200103s 1979 ||||xx |||||||||||||| ||und|| |
| 020 ## - INTERNATIONAL STANDARD BOOK NUMBER |
| International Standard Book Number |
0540073539 |
| 082 ## - DEWEY DECIMAL CLASSIFICATION NUMBER |
| Classification number |
623.8933 |
| Item number |
SMI |
| 100 ## - MAIN ENTRY--PERSONAL NAME |
| Personal name |
Smith, I. |
| 245 #0 - TITLE STATEMENT |
| Title |
Parallel indexing techniques |
| 260 ## - PUBLICATION, DISTRIBUTION, ETC. (IMPRINT) |
| Name of publisher, distributor, etc |
Stanford Maritime |
| Date of publication, distribution, etc |
1979 |
| Place of publication, distribution, etc |
London |
| 300 ## - PHYSICAL DESCRIPTION |
| Extent |
48 p.: ill. |
| 504 ## - BIBLIOGRAPHY, ETC. NOTE |
| Bibliography, etc |
Introduction<br/>Extracts from Merchant Shipping Notices<br/>Relative motion gyro stabilized North up presentation<br/>Ground stabilized true motion display<br/><br/> |
| 650 ## - SUBJECT ADDED ENTRY--TOPICAL TERM |
| Topical term or geographic name as entry element |
Radar in navigation |
| 650 ## - SUBJECT ADDED ENTRY--TOPICAL TERM |
| Topical term or geographic name as entry element |
Coastwise navigation |
| 650 ## - SUBJECT ADDED ENTRY--TOPICAL TERM |
| Topical term or geographic name as entry element |
Navigation - Safety measures |
| 650 ## - SUBJECT ADDED ENTRY--TOPICAL TERM |
| Topical term or geographic name as entry element |
Aids to navigation |
| 700 ## - ADDED ENTRY--PERSONAL NAME |
| Personal name |
Mulroney, R. A. |
| Relator term |
Co-author |
| 942 ## - ADDED ENTRY ELEMENTS (KOHA) |
| Item type |
Books |